000 00596nam a2200205Ia 4500
003 GCL
008 140319s9999 xx 000 0 ara d
040 _aGCL /
_cGCL
082 0 4 _aق
_b327.1011
_bك ن
100 1 _aكمال احمد
245 1 0 _aالناصرية والعالم الثالث /
_cكمال احمد
260 _a[S.N] :
_bمكتبة مدبولى ،
_c1986
300 _a208 ص
490 _a
650 0 4 _aالعالم الثالث
650 0 4 _aالعلاقات الدولية
650 0 4 _aالناصرية
650 0 4 _aجمال عبدالناصر
942 _2ddc
_cBK
999 _c52868
_d52868